000 00571nam a2200217Ia 4500
003 GCL
008 140319s9999 xx 000 0 eng d
040 _aGCL /
_cGCL
082 0 4 _aCC
_b584.84
_bS P
100 1 _aSCHWARTS, JACQUES
245 1 0 _aPAPYRUS GREECE DE L'INSTITUTE FRANCAIS D'ARCHELOGIE ORIENTALE /
_cSCHWARTS, JACQUES
700 1 _aWAGNER, GUY
260 _a[S.N] :
_bIFAO
650 0 4 _aCIVILIZATION
650 0 4 _aANCIENT EGYPT
650 0 4 _aARCHAEOLOGY
650 0 4 _aEGYPTOLOGY
650 0 4 _aPAPYRUS
650 0 4 _aEGYPT - HISTORY
942 _2ddc
_cBK
999 _c15533
_d15533